[Event "British Rapidplay"]
[Site "Peterborough"]
[Date "2024.03.03"]
[Round "7"]
[White "Gasanov, Eldar"]
[Black "Davtyan, Artur"]
[Result "0-1"]
[WhiteElo "2474"]
[BlackElo "2474"]
[PlyCount "84"]
[EventDate "2024.03.02"]
[EventType "swiss (rapid)"]
[EventRounds "11"]
[EventCountry "ENG"]
[SourceTitle "CB10_2024"]
[SourceDate "2024.03.06"]
[SourceVersion "1"]
[SourceVersionDate "2024.03.06"]
[SourceQuality "1"]

1. c4 e6 2. Nc3 d5 3. d4 Nf6 4. Bg5 Be7 5. e3 h6 6. Bh4 0-0 7. Nf3 b6 8. Qc2 Bb7 9. Bxf6 Bxf6 10. cxd5 exd5 11. Rd1 c5 12. dxc5 bxc5 13. Nxd5 Bxd5 14. Qxc5 Bxb2 15. Rxd5 Qf6 16. Bd3 Na6 17. Qd6 Nb4 18. Qxf6 Bxf6 19. Rd7 Nxa2 20. Bc4 Nc3 21. 0-0 a5 22. Nd4 Rac8 23. Ba6 Rcd8 24. Rc7 Nd5 25. Rc5 Nb4 26. Be2 Rd5 27. Rxd5 Nxd5 28. Ra1 Nc3 29. Kf1 Rb8 30. Bd3 a4 31. Ra3 Bxd4 32. exd4 Rb3 33. Ra1 a3 34. Ke1 a2 35. Kd2 Nb1+ 36. Ke3 Rb2 37. d5 Kf8 38. Bc4 Na3 39. Kd3 Nxc4 40. Kxc4 Rxf2 41. Kc5 Ke7 42. Re1+ Kd7 0-1

[Event "British Rapidplay"]
[Site "Peterborough"]
[Date "2024.03.02"]
[Round "6"]
[White "Davtyan, Artur"]
[Black "Badacsonyi, Stanley Ethan Artie"]
[Result "1-0"]
[WhiteElo "2474"]
[BlackElo "2196"]
[PlyCount "27"]
[EventDate "2024.03.02"]
[EventType "swiss (rapid)"]
[EventRounds "11"]
[EventCountry "ENG"]
[SourceTitle "CB10_2024"]
[SourceDate "2024.03.06"]
[SourceVersion "1"]
[SourceVersionDate "2024.03.06"]
[SourceQuality "1"]

1. d4 Nf6 2. c4 c5 3. d5 b5 4. Qc2 b4 5. e4 d6 6. a3 Na6 7. Nf3 g6 8. e5 Ng4 9. e6 fxe6 10. dxe6 Bh6 11. h3 Bxc1 12. hxg4 Bf4 13. Qxg6+ hxg6 14. Rxh8# 1-0

[Event "ARM-ch HL 84th"]
[Site "Yerevan"]
[Date "2024.01.18"]
[Round "7"]
[White "Davtyan, Artur"]
[Black "Chaqryan, Erik"]
[Result "1-0"]
[WhiteElo "2477"]
[BlackElo "2308"]
[PlyCount "83"]
[EventDate "2024.01.12"]
[EventType "tourn"]
[EventRounds "9"]
[EventCountry "ARM"]
[EventCategory "10"]
[SourceTitle "CB04_2024"]
[SourceDate "2023.10.16"]
[SourceVersion "1"]
[SourceVersionDate "2023.10.16"]
[SourceQuality "1"]

1. e4 c6 2. d4 d5 3. e5 Bf5 4. Be2 e6 5. Nf3 Nd7 6. 0-0 a6 7. Nbd2 h6 8. Re1 Ne7 9. Nf1 g5 10. Ne3 Bg6 11. h4 Nf5 12. hxg5 hxg5 13. Nxf5 Bxf5 14. Bxg5 Be7 15. Bxe7 Qxe7 16. Qd2 f6 17. exf6 Qh7 18. f7+ Ke7 19. Kf1 Qh1+ 20. Ng1 Kxf7 21. Bf3 Qh4 22. g3 Qf6 23. Re2 Rae8 24. Rae1 e5 25. dxe5 Nxe5 26. Qd4 Nxf3 27. Qxf6+ Kxf6 28. Rxe8 Nd2+ 29. Kg2 Rxe8 30. Rxe8 Nc4 31. b3 Na3 32. Rb8 Nxc2 33. Rxb7 d4 34. Ne2 d3 35. Nc3 Ke5 36. f3 Kd4 37. Nb1 Na3 38. g4 Be6 39. Nd2 Bd5 40. Kf2 Nc2 41. Nb1 a5 42. g5 1-0

[Event "ARM-ch HL 84th"]
[Site "Yerevan"]
[Date "2024.01.17"]
[Round "6"]
[White "Tiraturyan, David"]
[Black "Davtyan, Artur"]
[Result "1/2-1/2"]
[WhiteElo "2258"]
[BlackElo "2477"]
[PlyCount "56"]
[EventDate "2024.01.12"]
[EventType "tourn"]
[EventRounds "9"]
[EventCountry "ARM"]
[EventCategory "10"]
[SourceTitle "CB04_2024"]
[SourceDate "2023.10.16"]
[SourceVersion "1"]
[SourceVersionDate "2023.10.16"]
[SourceQuality "1"]

1. e4 c5 2. Nf3 Nc6 3. Bb5 g6 4. Bxc6 dxc6 5. d3 Bg7 6. h3 e5 7. a4 Qe7 8. Na3 Nf6 9. Be3 Nd7 10. Qc1 f6 11. Bh6 Nf8 12. Bxg7 Qxg7 13. Nc4 Qe7 14. Ng1 Be6 15. b3 Nd7 16. Qb2 b6 17. Ne2 0-0 18. 0-0 Bxc4 19. bxc4 a5 20. f4 exf4 21. Rxf4 Rae8 22. Raf1 Qd6 23. Kh1 Re5 24. Ng1 Re7 25. R4f2 Rff7 26. Nf3 Qg3 27. Nh2 h5 28. Rf3 Qd6 1/2-1/2

[Event "London GM-A"]
[Site "London"]
[Date "2023.12.06"]
[Round "4"]
[White "Girel, Joseph"]
[Black "Davtyan, Artur"]
[Result "1/2-1/2"]
[WhiteElo "2495"]
[BlackElo "2473"]
[PlyCount "151"]
[EventDate "2023.12.05"]
[EventType "tourn"]
[EventRounds "9"]
[EventCountry "ENG"]
[EventCategory "10"]
[SourceTitle "CB50_2023"]
[SourceDate "2023.12.13"]
[SourceVersion "1"]
[SourceVersionDate "2023.12.13"]
[SourceQuality "1"]

1. e4 e5 2. Nf3 Nc6 3. Bb5 a6 4. Ba4 Nf6 5. 0-0 Be7 6. Re1 b5 7. Bb3 0-0 8. a4 b4 9. d4 d6 10. dxe5 Nxe5 11. Nbd2 Bb7 12. Nxe5 dxe5 13. Qe2 Bc5 14. Nc4 Nxe4 15. Be3 a5 16. f3 Bxe3+ 17. Qxe3 Nd6 18. Nxe5 Qh4 19. Rad1 Rae8 20. Qf2 Qxf2+ 21. Kxf2 Ne4+ 22. fxe4 Rxe5 23. Rd7 Bxe4 24. Rxc7 Rf5+ 25. Kg1 Ba8 26. Rf1 Rxf1+ 27. Kxf1 Be4 28. Ra7 Ra8 29. Rxf7 Kh8 30. g3 g6 31. Rc7 Rf8+ 32. Ke2 Rf5 33. Ke3 Bh1 34. c3 Rh5 35. h4 Rf5 36. Rf7 Re5+ 37. Kd3 bxc3 38. bxc3 Re1 39. g4 h5 40. gxh5 gxh5 41. Rf4 Bc6 42. c4 Rg1 43. Rf6 Rg3+ 44. Kc2 Be4+ 45. Kb2 Kg7 46. Re6 Bg6 47. Re5 Rg4 48. c5 Rg2+ 49. Ka3 Rg3 50. c6 Rc3 51. Rxa5 Rxc6 52. Rb5 Kf8 53. a5 Ke7 54. Bd5 Rd6 55. Kb4 Be8 56. Rb7+ Bd7 57. Bc4 Kd8 58. Kc5 Rc6+ 59. Kd5 Rf6 60. Ke5 Rf5+ 61. Kd6 Rf6+ 62. Kc5 Rf5+ 63. Kb4 Rf4 64. Kb3 Rf3+ 65. Kb2 Rf4 66. Bb3 Bc8 67. Rb6 Kc7 68. Rh6 Rxh4 69. a6 Rd4 70. Rh7+ Rd7 71. a7 Bb7 72. Rh8 Rd8 73. Rxh5 Kb6 74. Rg5 Kxa7 75. Rg8 Rxg8 76. Bxg8 1/2-1/2

[Event "Abu Dhabi op 29th"]
[Site "Abu Dhabi"]
[Date "2023.08.17"]
[Round "2"]
[White "Davtyan, Artur"]
[Black "Beydullayeva, Govhar"]
[Result "1/2-1/2"]
[WhiteElo "2497"]
[BlackElo "2355"]
[PlyCount "76"]
[EventDate "2023.08.16"]
[EventType "swiss"]
[EventRounds "9"]
[EventCountry "UAE"]
[SourceTitle "EXT 2024"]
[Source "ChessBase"]
[SourceDate "2023.10.10"]
[SourceVersion "1"]
[SourceVersionDate "2023.10.10"]
[SourceQuality "1"]

1. e4 e5 2. Nf3 Nc6 3. Bb5 a6 4. Ba4 Nf6 5. 0-0 Be7 6. Re1 b5 7. Bb3 0-0 8. h3 Bb7 9. d3 d5 10. exd5 Nxd5 11. Nxe5 Nxe5 12. Rxe5 Qd6 13. Re1 c5 14. Nd2 Rae8 15. a4 c4 16. dxc4 Nf4 17. Nf3 Nxh3+ 18. gxh3 Qg6+ 19. Kf1 Qf5 20. Ng1 Bc5 21. Qd2 Rxe1+ 22. Qxe1 Qg6 23. Be3 Qg2+ 24. Ke2 Bxe3 25. Qf1 Qe4 26. fxe3 bxc4 27. Qf4 cxb3 28. Qxe4 Bxe4 29. cxb3 Rb8 30. Rd1 f5 31. Nf3 Rxb3 32. Rd8+ Kf7 33. Rd7+ Kf8 34. Ng5 Rxb2+ 35. Ke1 Rb7 36. Rd6 h6 37. Nxe4 fxe4 38. Rxa6 Rb2 1/2-1/2

[Event "Dubai op-A 23rd"]
[Site "Dubai"]
[Date "2023.06.02"]
[Round "7"]
[White "Sanal, Vahap"]
[Black "Davtyan, Artur"]
[Result "1-0"]
[WhiteElo "2600"]
[BlackElo "2506"]
[PlyCount "83"]
[EventDate "2023.05.27"]
[EventType "swiss"]
[EventRounds "9"]
[EventCountry "UAE"]
[SourceTitle "CBM 214 Extra"]
[Source "ChessBase"]
[SourceDate "2023.07.31"]
[SourceVersion "1"]
[SourceVersionDate "2023.07.31"]
[SourceQuality "1"]

1. d4 d5 2. Nf3 Nf6 3. c4 e6 4. e3 c5 5. cxd5 exd5 6. Bb5+ Nc6 7. 0-0 cxd4 8. exd4 Be7 9. Ne5 Bd7 10. Nxd7 Qxd7 11. Nc3 0-0 12. Re1 Rfe8 13. h3 a6 14. Bf1 Bb4 15. Rxe8+ Rxe8 16. Be3 Bxc3 17. bxc3 Na5 18. Qc2 Qc7 19. Qf5 Qxc3 20. Rc1 Qa3 21. Rc7 Nc4 22. Bg5 Nd6 23. Qc2 Nfe4 24. Be7 Qb4 25. Rd7 h6 26. a4 a5 27. Bxd6 Nxd6 28. Qc5 Qxc5 29. dxc5 Ne4 30. Rc7 g6 31. Bb5 Rb8 32. Kf1 Nc3 33. Bd7 d4 34. Ke1 Kf8 35. Bg4 Nxa4 36. Kd2 b5 37. c6 Nc5 38. Ra7 Ne6 39. Bxe6 fxe6 40. Rh7 Kg8 41. c7 Rf8 42. Rd7 1-0

[Event "Dubai op-A 23rd"]
[Site "Dubai"]
[Date "2023.06.01"]
[Round "6"]
[White "Davtyan, Artur"]
[Black "Movahed, Sina"]
[Result "1-0"]
[WhiteElo "2506"]
[BlackElo "2359"]
[PlyCount "89"]
[EventDate "2023.05.27"]
[EventType "swiss"]
[EventRounds "9"]
[EventCountry "UAE"]
[SourceTitle "CBM 214 Extra"]
[Source "ChessBase"]
[SourceDate "2023.07.31"]
[SourceVersion "1"]
[SourceVersionDate "2023.07.31"]
[SourceQuality "1"]

1. e4 c5 2. Nf3 d6 3. d4 cxd4 4. Nxd4 Nf6 5. Nc3 a6 6. Bg5 e6 7. f4 Be7 8. Qf3 Qc7 9. 0-0-0 Nbd7 10. g4 h6 11. Qh3 Rg8 12. Bxf6 Nxf6 13. g5 hxg5 14. fxg5 Nd7 15. Nxe6 fxe6 16. Qxe6 Rf8 17. Nd5 Qd8 18. Be2 Ne5 19. Bh5+ Nf7 20. Qg6 Kd7 21. Qxg7 Bxg5+ 22. Kb1 Bh6 23. Qh7 Qg5 24. Bxf7 Qg7 25. Qxg7 Bxg7 26. Rdf1 Kc6 27. h4 Rh8 28. Ne7+ Kb6 29. Bd5 Rb8 30. Rf7 Bd4 31. c3 Be3 32. Bb3 Bc5 33. h5 Rh6 34. Rf8 Kc7 35. Nd5+ Kc6 36. Ne7+ Kc7 37. Nd5+ Kc6 38. a3 Ba7 39. Rf7 Be6 40. Nb4+ Kb5 41. Bxe6 Rxe6 42. h6 Kc4 43. h7 Ree8 44. Kc2 Bc5 45. a4 1-0

[Event "Dubai op-A 23rd"]
[Site "Dubai"]
[Date "2023.05.29"]
[Round "3"]
[White "Xue, Haowen"]
[Black "Davtyan, Artur"]
[Result "1/2-1/2"]
[WhiteElo "2335"]
[BlackElo "2506"]
[PlyCount "110"]
[EventDate "2023.05.27"]
[EventType "swiss"]
[EventRounds "9"]
[EventCountry "UAE"]
[SourceTitle "CBM 214 Extra"]
[Source "ChessBase"]
[SourceDate "2023.07.31"]
[SourceVersion "1"]
[SourceVersionDate "2023.07.31"]
[SourceQuality "1"]

1. d4 Nf6 2. c4 e6 3. Nf3 b6 4. g3 Bb4+ 5. Bd2 Be7 6. Bg2 c6 7. Nc3 Ba6 8. Qa4 0-0 9. 0-0 d5 10. Ne5 b5 11. cxb5 cxb5 12. Nxb5 Qe8 13. Nc3 Qxa4 14. Nxa4 Bxe2 15. Rfc1 Nfd7 16. Nxd7 Nxd7 17. Rc7 Rfd8 18. Ba5 Ba6 19. Nc5 Nxc5 20. Rxe7 Rd7 21. Rxd7 Nxd7 22. Rc1 Rc8 23. Rxc8+ Bxc8 24. Bc7 Kf8 25. Bd6+ Ke8 26. Bf1 Nf6 27. f3 Kd8 28. Bc5 a6 29. Kf2 Kd7 30. Bd3 g6 31. Ke3 Ne8 32. b3 Nd6 33. h4 f6 34. Bxd6 Kxd6 35. h5 f5 36. hxg6 hxg6 37. Kf4 a5 38. Bb5 e5+ 39. dxe5+ Kc5 40. Be8 d4 41. Bxg6 Kb4 42. Bxf5 Bxf5 43. Kxf5 d3 44. e6 d2 45. e7 d1Q 46. e8Q Qxf3+ 47. Ke6 Qe2+ 48. Kd7 Qb5+ 49. Kd8 Qb8+ 50. Ke7 Qe5+ 51. Kf8 Qh8+ 52. Kf7 Qh5+ 53. Kf8 Qh8+ 54. Kf7 Qh5+ 55. Kf8 Qh8+ 1/2-1/2

[Event "Dubai op-A 23rd"]
[Site "Dubai"]
[Date "2023.05.27"]
[Round "1"]
[White "Gajcin, Marina"]
[Black "Davtyan, Artur"]
[Result "0-1"]
[WhiteElo "2256"]
[BlackElo "2506"]
[PlyCount "92"]
[EventDate "2023.05.27"]
[EventType "swiss"]
[EventRounds "9"]
[EventCountry "UAE"]
[SourceTitle "CBM 214 Extra"]
[Source "ChessBase"]
[SourceDate "2023.07.31"]
[SourceVersion "1"]
[SourceVersionDate "2023.07.31"]
[SourceQuality "1"]

1. e4 c5 2. Nf3 d6 3. Bb5+ Nd7 4. d4 Ngf6 5. Nc3 cxd4 6. Qxd4 e5 7. Qd3 h6 8. Bc4 a6 9. a4 Nc5 10. Qe2 Be6 11. Nd2 Qc7 12. 0-0 Be7 13. b3 0-0 14. Rd1 Rad8 15. Bb2 Bc8 16. Nf1 Ne6 17. Ne3 Nf4 18. Qe1 Be6 19. Bf1 Qc6 20. g3 Nh3+ 21. Bxh3 Bxh3 22. Ncd5 Rfe8 23. c4 Nxd5 24. Nxd5 Bf8 25. Qe3 f5 26. exf5 Bxf5 27. Rd2 Rd7 28. a5 Rf7 29. Qb6 Be4 30. Qxc6 bxc6 31. Nc3 Bf3 32. b4 d5 33. cxd5 Bxb4 34. dxc6 Bxc6 35. Rc2 Bf3 36. Nd1 Rb7 37. Ne3 Be4 38. Rc4 Bd3 39. Rg4 Bxa5 40. Nd5 Kh7 41. Rxa5 Rxb2 42. Nc7 Rb1+ 43. Kg2 Rc8 44. Rc5 Bf1+ 45. Kf3 Rb3+ 46. Ke4 Rb4+ 0-1

[Event "Jermuk Avagyan Memorial"]
[Site "Jermuk"]
[Date "2023.05.08"]
[Round "6"]
[White "Davtyan, Artur"]
[Black "Nguyen, Thai Dai Van"]
[Result "1-0"]
[WhiteElo "2506"]
[BlackElo "2649"]
[PlyCount "101"]
[EventDate "2023.05.03"]
[EventType "tourn"]
[EventRounds "9"]
[EventCountry "ARM"]
[EventCategory "16"]
[SourceTitle "CBM 214"]
[Source "ChessBase"]
[SourceDate "2023.06.30"]
[SourceVersion "1"]
[SourceVersionDate "2023.06.30"]
[SourceQuality "1"]

1. d4 Nf6 2. c4 e6 3. Nf3 d5 4. g3 Bb4+ 5. Bd2 Bd6 6. Bg2 0-0 7. 0-0 c6 8. Qc2 Nbd7 9. Bf4 Bxf4 10. gxf4 b6 11. cxd5 Nxd5 12. e3 Bb7 13. Nc3 c5 14. dxc5 Nxc3 15. Ng5 Ne2+ 16. Qxe2 Bxg2 17. Qc2 Nf6 18. Kxg2 Rc8 19. Qd1 Rxc5 20. Qxd8 Rxd8 21. Rac1 h6 22. Rxc5 bxc5 23. Nf3 Ne4 24. Rc1 g5 25. fxg5 hxg5 26. h3 f5 27. Rc2 Rd5 28. Ng1 Kf7 29. Ne2 Rd3 30. Nc1 Rd2 31. Rxd2 Nxd2 32. Nd3 c4 33. Ne5+ Kf6 34. f4 gxf4 35. exf4 a6 36. Nd7+ Kf7 37. Nc5 a5 38. Kf2 Nb1 39. Na4 Kf6 40. Nc3 Nxc3 41. bxc3 Kg6 42. Ke3 Kh5 43. Kd4 Kh4 44. Ke5 Kxh3 45. Kxe6 Kg4 46. Ke5 a4 47. a3 Kf3 48. Kxf5 Ke3 49. Ke5 Kd3 50. f5 Kxc3 51. f6 1-0

[Event "Jermuk Avagyan Memorial"]
[Site "Jermuk"]
[Date "2023.05.06"]
[Round "4"]
[White "Davtyan, Artur"]
[Black "Hovhannisyan, Robert"]
[Result "0-1"]
[WhiteElo "2506"]
[BlackElo "2596"]
[PlyCount "118"]
[EventDate "2023.05.03"]
[EventType "tourn"]
[EventRounds "9"]
[EventCountry "ARM"]
[EventCategory "16"]
[SourceTitle "CBM 214"]
[Source "ChessBase"]
[SourceDate "2023.06.30"]
[SourceVersion "1"]
[SourceVersionDate "2023.06.30"]
[SourceQuality "1"]

1. e4 e5 2. Nf3 Nc6 3. Bb5 a6 4. Ba4 Nf6 5. 0-0 Be7 6. Re1 b5 7. Bb3 Bb7 8. d4 Nxd4 9. Bxf7+ Kf8 10. Nxe5 d6 11. Qxd4 dxe5 12. Qxd8+ Rxd8 13. Bb3 Nxe4 14. Be3 Nc5 15. Nd2 Nxb3 16. Nxb3 Kf7 17. c4 bxc4 18. Na5 Bd5 19. Rec1 Rd7 20. Nxc4 Ke6 21. a3 g5 22. Rc3 Bf6 23. Re1 g4 24. Bf4 Bxc4 25. Rxc4 Kd5 26. Rc2 exf4 27. Rd2+ Bd4 28. Rxd4+ Kxd4 29. Rd1+ Kc4 30. Rxd7 c5 31. Rc7 a5 32. Rb7 Rd8 33. Kf1 f3 34. gxf3 gxf3 35. Ke1 a4 36. h3 h5 37. Rb6 Rd3 38. Rb7 Rb3 39. Rf7 Rxb2 40. Rf4+ Kd3 41. Rxf3+ Kc2 42. Rf4 Rb8 43. Rxa4 Re8+ 44. Kf1 Kb3 45. Ra5 c4 46. Rb5+ Kxa3 47. Rxh5 c3 48. Rc5 Kb4 49. Rc7 Re4 50. Kg2 Rc4 51. Rb7+ Ka3 52. Ra7+ Kb3 53. Ra1 c2 54. Kf3 c1Q 55. Rxc1 Rxc1 56. Ke4 Kc4 57. f4 Re1+ 58. Kf5 Kd5 59. h4 Rh1 0-1

[Event "Cheliabinsk Lozovatsky Memorial-A"]
[Site "Cheliabinsk"]
[Date "2023.02.03"]
[Round "8"]
[White "Davtyan, Artur"]
[Black "Sapenov, Daniyal"]
[Result "1-0"]
[WhiteElo "2517"]
[BlackElo "2306"]
[PlyCount "77"]
[EventDate "2023.01.27"]
[EventType "swiss"]
[EventRounds "10"]
[EventCountry "RUS"]
[SourceTitle "CBM 212 Extra"]
[Source "ChessBase"]
[SourceDate "2023.03.31"]
[SourceVersion "1"]
[SourceVersionDate "2023.03.31"]
[SourceQuality "1"]

1. c4 e5 2. Nc3 Nf6 3. Nf3 e4 4. Ng5 c6 5. Ngxe4 Nxe4 6. Nxe4 d5 7. cxd5 cxd5 8. Ng3 h5 9. e3 h4 10. Ne2 Nc6 11. d4 Bd6 12. Nc3 Qf6 13. Bd3 h3 14. g3 Be6 15. 0-0 0-0-0 16. f4 g6 17. Qf3 Ne7 18. Bd2 Kb8 19. Kh1 Bb4 20. g4 Bc8 21. a3 Bxc3 22. bxc3 Qc6 23. f5 gxf5 24. gxf5 Rdg8 25. e4 Rg2 26. Bf4+ Ka8 27. exd5 Qxc3 28. d6 Nc6 29. Rac1 Qxd4 30. Be4 Ne5 31. d7 Bxd7 32. Bxb7+ Kb8 33. Qe4 Qxe4 34. Bxe4 f6 35. Bxe5+ fxe5 36. Bxg2 hxg2+ 37. Kxg2 Rg8+ 38. Kh3 Rg5 39. Kh4 1-0

[Event "Cheliabinsk Lozovatsky Memorial-A"]
[Site "Cheliabinsk"]
[Date "2023.02.01"]
[Round "6"]
[White "Korshunov, Sergey And"]
[Black "Davtyan, Artur"]
[Result "0-1"]
[WhiteElo "2150"]
[BlackElo "2517"]
[PlyCount "68"]
[EventDate "2023.01.27"]
[EventType "swiss"]
[EventRounds "10"]
[EventCountry "RUS"]
[SourceTitle "CBM 212 Extra"]
[Source "ChessBase"]
[SourceDate "2023.03.31"]
[SourceVersion "1"]
[SourceVersionDate "2023.03.31"]
[SourceQuality "1"]

1. d4 Nf6 2. c4 g6 3. Nc3 Bg7 4. e4 d6 5. f3 0-0 6. Be3 Na6 7. Qd2 c5 8. Nge2 Bd7 9. d5 Nc7 10. a4 a6 11. a5 Qb8 12. Rb1 b5 13. axb6 Qxb6 14. b4 Rfb8 15. bxc5 Qa5 16. c6 Rxb1+ 17. Nxb1 Qa1 18. Nec3 Rb8 19. Bd3 Bxc6 20. dxc6 Ng4 21. fxg4 Bxc3 22. Qxc3 Rxb1+ 23. Kd2 Rxh1 24. Qxa1 Rxa1 25. Kc2 Ra2+ 26. Kb3 Rxg2 27. Bb6 Na8 28. Ba5 Rg1 29. c7 Nxc7 30. Bxc7 f6 31. Kc3 Rh1 32. c5 dxc5 33. e5 f5 34. Bxa6 e6 0-1

[Event "Cheliabinsk Lozovatsky Memorial-A"]
[Site "Cheliabinsk"]
[Date "2023.01.31"]
[Round "5"]
[White "Strybuk, Artsiom I"]
[Black "Davtyan, Artur"]
[Result "1-0"]
[WhiteElo "2333"]
[BlackElo "2517"]
[PlyCount "175"]
[EventDate "2023.01.27"]
[EventType "swiss"]
[EventRounds "10"]
[EventCountry "RUS"]
[SourceTitle "CBM 212 Extra"]
[Source "ChessBase"]
[SourceDate "2023.03.31"]
[SourceVersion "1"]
[SourceVersionDate "2023.03.31"]
[SourceQuality "1"]

1. d4 d5 2. c4 e6 3. Nf3 c6 4. e3 Nf6 5. b3 Nbd7 6. Bd3 Bd6 7. Bb2 0-0 8. 0-0 Qe7 9. Nbd2 e5 10. e4 exd4 11. cxd5 cxd5 12. exd5 Nxd5 13. Re1 Qd8 14. Nxd4 Ne5 15. Nc4 Bg4 16. Be2 Bxe2 17. Rxe2 Nxc4 18. bxc4 Nf4 19. Re4 Qg5 20. Qf3 Rae8 21. Rae1 Rxe4 22. Rxe4 Qg6 23. Kf1 a6 24. g3 Ne6 25. Nxe6 fxe6 26. Qe2 Bc5 27. f3 Qh6 28. Kg2 Rd8 29. Rf4 Bb4 30. Bd4 Rd7 31. c5 Qg6 32. Rg4 Qf5 33. Bxg7 h5 34. Rxb4 Rxg7 35. Qe4 Qxc5 36. Qxe6+ Kh7 37. Qe4+ Kh6 38. Rc4 Qa5 39. Qe3+ Kh7 40. a3 Rd7 41. Rc5 Qd2+ 42. Qxd2 Rxd2+ 43. Kh3 Kg6 44. a4 Rb2 45. g4 hxg4+ 46. fxg4 Rb4 47. a5 Rb5 48. Rf5 Rb2 49. Kg3 Rb3+ 50. Kh4 Rb2 51. h3 Rb5 52. Rh5 Kg7 53. Kg3 Rb3+ 54. Kh4 Rb5 55. Rf5 Kg6 56. Kg3 Rb3+ 57. Rf3 Rb5 58. Ra3 Rb4 59. Kh4 Rb5 60. Ra4 Kh6 61. Ra1 Kg6 62. Ra3 Kh6 63. Ra4 Kg6 64. Rd4 Rxa5 65. Rd6+ Kg7 66. Rd7+ Kg6 67. Rxb7 Rb5 68. Rc7 Rb6 69. Rc5 Rd6 70. Ra5 Rb6 71. Ra3 Rc6 72. Kg3 Rb6 73. h4 Kh6 74. h5 Rc6 75. Kh4 Rb6 76. Ra4 Kh7 77. Ra5 Rc6 78. Rd5 Rc7 79. Ra5 Rc6 80. Kg5 Rb6 81. Rd5 Rb7 82. h6 Rb8 83. Rd7+ Kh8 84. Ra7 Kg8 85. Kh5 Kh8 86. g5 Rc8 87. h7 Rc1 88. Kh6 1-0

[Event "Yerevan Margaryan Memorial GM"]
[Site "Yerevan"]
[Date "2023.01.14"]
[Round "8"]
[White "Lobanov, Sergei"]
[Black "Davtyan, Artur"]
[Result "1/2-1/2"]
[WhiteElo "2540"]
[BlackElo "2517"]
[PlyCount "33"]
[EventDate "2023.01.08"]
[EventType "tourn"]
[EventRounds "9"]
[EventCountry "ARM"]
[EventCategory "9"]
[SourceTitle "CBM 212 Extra"]
[Source "ChessBase"]
[SourceDate "2023.03.31"]
[SourceVersion "1"]
[SourceVersionDate "2023.03.31"]
[SourceQuality "1"]

1. Nf3 Nf6 2. g3 g6 3. Bg2 Bg7 4. c4 0-0 5. 0-0 d6 6. d4 Nbd7 7. Nc3 e5 8. h3 Re8 9. Be3 c6 10. Qc1 exd4 11. Bxd4 Ne5 12. Nxe5 dxe5 13. Be3 Be6 14. b3 Qa5 15. Na4 Nd7 16. Rd1 Rad8 17. Qd2 1/2-1/2

[Event "Yerevan Margaryan Memorial GM"]
[Site "Yerevan"]
[Date "2023.01.08"]
[Round "1"]
[White "Shahinyan, David"]
[Black "Davtyan, Artur"]
[Result "1/2-1/2"]
[WhiteElo "2432"]
[BlackElo "2517"]
[PlyCount "62"]
[EventDate "2023.01.08"]
[EventType "tourn"]
[EventRounds "9"]
[EventCountry "ARM"]
[EventCategory "9"]
[SourceTitle "CBM 212 Extra"]
[Source "ChessBase"]
[SourceDate "2023.03.31"]
[SourceVersion "1"]
[SourceVersionDate "2023.03.31"]
[SourceQuality "1"]

1. e4 c5 2. c3 Nf6 3. e5 Nd5 4. Nf3 e6 5. d4 cxd4 6. cxd4 b6 7. Nc3 Nxc3 8. bxc3 Qc7 9. Bd2 Be7 10. Bd3 Ba6 11. Bxa6 Nxa6 12. Qe2 Nb8 13. 0-0 0-0 14. c4 d6 15. exd6 Bxd6 16. a4 Nd7 17. a5 Rac8 18. axb6 axb6 19. Rac1 e5 20. dxe5 Nxe5 21. Nxe5 Bxe5 22. h3 Rfe8 23. Qg4 Re6 24. Rfe1 g6 25. Bc3 Rce8 26. Rxe5 Rxe5 27. Bxe5 Rxe5 28. Qd4 Qc5 29. Qb2 Re8 30. Rb1 h5 31. Qxb6 Qxc4 1/2-1/2

[Event "Wch U20 59th"]
[Site "Cala Gonone"]
[Date "2022.10.18"]
[Round "7"]
[White "Rohit, Krishna S"]
[Black "Davtyan, Artur"]
[Result "1/2-1/2"]
[WhiteElo "2370"]
[BlackElo "2517"]
[PlyCount "100"]
[EventDate "2022.10.12"]
[EventType "swiss"]
[EventRounds "11"]
[EventCountry "ITA"]
[SourceTitle "CBM 210 Extra"]
[Source "ChessBase"]
[SourceDate "2022.11.30"]
[SourceVersion "1"]
[SourceVersionDate "2022.11.30"]
[SourceQuality "1"]

1. d4 d5 2. Nf3 c6 3. g3 Bf5 4. Bg2 Nd7 5. 0-0 e6 6. Nfd2 Ngf6 7. c4 Nb6 8. b3 Be7 9. Bb2 0-0 10. Nc3 Qc7 11. e4 dxe4 12. Ncxe4 Rfd8 13. Qe2 a5 14. h3 a4 15. Qe3 h6 16. Bc3 Nxe4 17. Nxe4 Bxe4 18. Bxe4 Bg5 19. Qf3 Bf6 20. Rad1 axb3 21. axb3 Rd7 22. Bc2 Rad8 23. Qe4 g6 24. Rd3 Nc8 25. Rfd1 Ne7 26. Qf3 Bg7 27. g4 b6 28. h4 Rd6 29. R3d2 R8d7 30. Qe3 Qd8 31. Kf1 Nc8 32. h5 gxh5 33. gxh5 Qh4 34. Qf3 Bxd4 35. Rxd4 Rxd4 36. Rxd4 Rxd4 37. Bxd4 Qxd4 38. Qxc6 Nd6 39. Qa8+ Kg7 40. Qg2+ Kf8 41. Qa8+ Ke7 42. Qf3 Qd2 43. Qe2 Qc1+ 44. Kg2 Qg5+ 45. Kf1 Qh4 46. Ke1 Qd4 47. Qd2 Qe5+ 48. Qe2 Qd4 49. Qd2 Qe5+ 50. Qe2 Qd4 1/2-1/2

[Event "Wch U20 59th"]
[Site "Cala Gonone"]
[Date "2022.10.15"]
[Round "5"]
[White "Droin, Augustin"]
[Black "Davtyan, Artur"]
[Result "1-0"]
[WhiteElo "2416"]
[BlackElo "2517"]
[PlyCount "133"]
[EventDate "2022.10.12"]
[EventType "swiss"]
[EventRounds "11"]
[EventCountry "ITA"]
[SourceTitle "CBM 210 Extra"]
[Source "ChessBase"]
[SourceDate "2022.11.30"]
[SourceVersion "1"]
[SourceVersionDate "2022.11.30"]
[SourceQuality "1"]

1. e4 e5 2. Nf3 Nc6 3. Bc4 Bc5 4. d3 Nf6 5. h3 0-0 6. Nc3 a6 7. a3 h6 8. g4 Nh7 9. g5 hxg5 10. Rg1 g4 11. hxg4 d6 12. Qe2 Be6 13. Bd2 b5 14. Bd5 Qd7 15. Rh1 Nd4 16. Nxd4 exd4 17. f4 dxc3 18. Qh2 cxd2+ 19. Kxd2 Rfe8 20. Qxh7+ Kf8 21. Bxa8 f6 22. Qh8+ Kf7 23. Qh5+ Ke7 24. Bd5 Bxg4 25. Qf7+ Kd8 26. Qxd7+ Bxd7 27. Bf7 Rf8 28. Bg6 f5 29. Bxf5 Bxf5 30. exf5 Rxf5 31. Raf1 Bd4 32. c3 Bf6 33. Ke3 Kd7 34. Kf3 a5 35. d4 b4 36. a4 bxc3 37. Ke4 g6 38. bxc3 Ke6 39. Rfg1 d5+ 40. Ke3 g5 41. fxg5 Bxg5+ 42. Ke2 Bf6 43. Rf1 Rxf1 44. Rxf1 c6 45. Rb1 Kd6 46. Rb8 Kc7 47. Rf8 Bh4 48. Rf7+ Kb6 49. Rh7 Bg5 50. Rg7 Bf4 51. Rg4 Bc1 52. Kd3 Kc7 53. Rg1 Bf4 54. Rb1 Bg5 55. Ke2 Bh6 56. Rb2 Bg7 57. Ke3 Bh6+ 58. Kf3 Kd6 59. Kg4 Ke6 60. Re2+ Kd6 61. Kf5 Bc1 62. Kf6 Bf4 63. Kf7 Bg5 64. Ke8 Bh4 65. Rh2 Be1 66. Kd8 Ke6 67. Re2+ 1-0